000 00937nas a2200337 4500
001 BR2013000466
003 BR-BrBNA
005 20231205121808.0
007 ta
008 230509b bl.|||p| |||| 00| 00por d
040 _aBR-BrBNA
_bpor
_cBiblioteca Nacional de Agricultura
041 _a(Pt)
072 _aF30
100 1 _aScapim, C.A.
100 1 _aAmaral Junior, A.T. do
100 1 _aVieira, R.A.
100 1 _aMoterle, L.M.
100 1 _aTeixeira, L.R.
100 1 _aVigano, J.
100 1 _aSandoval Junior, G.B.
245 1 _aNovos compostos de milho-pipoca para o Brasil
650 _aMILHO PIPOCA
650 _aGENÓTIPO
650 _aMELHORAMENTO
650 _aHÍBRIDO
650 _aRENDIMENTO
650 _aMÉTODO ESTATÍSTICO
773 0 _tSemina (Brazil)
_xISSN 1676-546X
_g(Apr-Jun 2010), v. 31(2) p. 321-330
_wBR2013000466
909 _a202311
_bLúcia
_c55
_dLúcia Elande
942 _2AGRIS
_n0
_cANA
999 _c225291
_d225291